000
00339 a2200157 4500
001
61122
020
_a
8530503066
040
_c
Anchieta - Pituba
100
_a
Augusto, Angela Sulzer
240
1
0
_a
Smart english
_l
Ing
245
1
0
_a
Smart english
300
_a
136
362
0
_a
2002
650
4
_a
Inglês e inglês antigo
942
_c
BK
999
_c
61122
_d
61122